[Event "1st 4NCL Easter Congress"]
[Site "Stevenage"]
[Date "2019.04.21"]
[Round "4"]
[Board "10"]
[White "Chin, Francis Cw"]
[Black "Stephenson, David W"]
[Result "1-0"]
[WhiteElo "1944"]
[BlackElo "1829"]
[PlyCount "0"]
[EventDate "2019.04.19"]
[EventRounds "7"]
[EventCountry "ENG"]

1. d4 {[%clk 01:30:59]} f5 {[%clk 01:26:14]} {[%emt 00:04:46]} 2. Bf4 {[%clk
01:24:40]} {[%emt 00:05:56]} d6 {[%clk 01:21:24]} {[%emt 00:06:13]} 3. Nc3
{[%clk 01:22:18]} {[%emt 00:02:51]} Nf6 {[%clk 01:20:41]} {[%emt 00:01:14]} 4.
e3 {[%clk 01:21:29]} {[%emt 00:01:18]} g6 {[%clk 01:20:39]} {[%emt 00:00:33]} 5.
Nf3 {[%clk 01:19:36]} {[%emt 00:02:23]} Bg7 {[%clk 01:20:34]} {[%emt 00:00:34]}
6. Bc4 {[%clk 01:17:57]} {[%emt 00:02:09]} e6 {[%clk 01:19:57]} {[%emt
00:01:08]} 7. Qe2 {[%clk 01:13:59]} {[%emt 00:04:27]} Qe7 {[%clk 01:13:24]}
{[%emt 00:07:03]} 8. Bb3 {[%clk 01:11:14]} {[%emt 00:03:15]} d5 {[%clk
01:01:50]} {[%emt 00:12:05]} 9. Ne5 {[%clk 01:01:32]} {[%emt 00:10:10]} c6
{[%clk 00:51:56]} {[%emt 00:10:26]} 10. Nd3 {[%clk 00:51:57]} {[%emt 00:10:04]}
b6 {[%clk 00:48:56]} {[%emt 00:03:31]} 11. O-O {[%clk 00:46:10]} {[%emt
00:06:17]} Nbd7 {[%clk 00:43:31]} {[%emt 00:05:55]} 12. Rfe1 {[%clk 00:39:51]}
{[%emt 00:06:48]} Ba6 {[%clk 00:41:59]} {[%emt 00:02:04]} 13. Qd2 {[%clk
00:35:56]} {[%emt 00:04:24]} Ne4 {[%clk 00:40:35]} {[%emt 00:01:55]} 14. Nxe4
{[%clk 00:34:54]} {[%emt 00:01:32]} fxe4 {[%clk 00:40:12]} {[%emt 00:00:53]} 15.
Nb4 {[%clk 00:31:35]} {[%emt 00:03:49]} Bb7 {[%clk 00:40:00]} {[%emt 00:00:42]}
16. c4 {[%clk 00:30:06]} {[%emt 00:01:59]} a5 {[%clk 00:36:55]} {[%emt
00:03:36]} 17. cxd5 {[%clk 00:23:59]} {[%emt 00:06:37]} exd5 {[%clk 00:36:05]}
{[%emt 00:01:20]} 18. Nxc6 {[%clk 00:23:42]} {[%emt 00:00:47]} Bxc6 {[%clk
00:36:06]} {[%emt 00:00:29]} 19. Rec1 {[%clk 00:23:15]} {[%emt 00:00:57]} Qe6
{[%clk 00:29:36]} {[%emt 00:07:01]} 20. Qc3 {[%clk 00:17:12]} {[%emt 00:06:33]}
Bb5 {[%clk 00:27:10]} {[%emt 00:02:57]} 21. Qc7 {[%clk 00:13:48]} {[%emt
00:03:53]} O-O {[%clk 00:24:51]} {[%emt 00:02:47]} 22. a4 {[%clk 00:13:09]}
{[%emt 00:01:11]} Bc4 {[%clk 00:20:06]} {[%emt 00:05:15]} 23. Rxc4 {[%clk
00:12:27]} {[%emt 00:01:12]} Rfc8 {[%clk 00:16:07]} {[%emt 00:04:29]} 24. Qxc8+
{[%clk 00:12:15]} {[%emt 00:00:42]} Rxc8 {[%clk 00:16:21]} {[%emt 00:00:17]} 25.
Rxc8+ {[%clk 00:12:43]} {[%emt 00:00:01]} Kf7 {[%clk 00:14:31]} {[%emt
00:02:20]} 26. Rac1 {[%clk 00:12:22]} {[%emt 00:00:51]} g5 {[%clk 00:06:58]}
{[%emt 00:08:03]} 27. Bg3 {[%clk 00:06:28]} {[%emt 00:06:24]} Nc5 {[%clk
00:06:22]} {[%emt 00:01:06]} 28. Rc7+ {[%clk 00:06:20]} {[%emt 00:00:38]} Kg6
{[%clk 00:06:33]} {[%emt 00:00:19]} 29. dxc5 {[%clk 00:05:57]} {[%emt
00:00:53]} Bxb2 {[%clk 00:05:02]} {[%emt 00:02:01]} 30. Rc2 {[%clk 00:04:02]}
{[%emt 00:02:25]} Be5 {[%clk 00:02:48]} {[%emt 00:02:45]} 31. cxb6 {[%clk
00:03:14]} {[%emt 00:01:18]} Bxc7 {[%clk 00:02:42]} {[%emt 00:00:35]} 32. bxc7
{[%clk 00:03:37]} {[%emt 00:00:07]} Qc8 {[%clk 00:01:10]} {[%emt 00:02:02]} 33.
Bxd5 {[%clk 00:03:30]} {[%emt 00:00:37]} Kf6 {[%clk 00:01:15]} {[%emt
00:00:25]} 34. Rc6+ {[%clk 00:03:24]} {[%emt 00:00:36]} Ke7 {[%clk 00:00:41]}
{[%emt 00:01:04]} 35. Re6+ {[%clk 00:03:31]} {[%emt 00:00:23]} Kf8 {[%clk
00:00:36]} {[%emt 00:00:35]} 36. Rxe4 {[%clk 00:02:44]} {[%emt 00:01:16]} Qd7
{[%clk 00:00:48]} {[%emt 00:00:18]} 37. Bd6+ {[%clk 00:02:31]} {[%emt
00:00:43]}  1-0

[Event "1st 4NCL Easter Congress"]
[Site "Stevenage"]
[Date "2019.04.21"]
[Round "4"]
[Board "11"]
[White "Singha, Swati"]
[Black "Burrows, Nick"]
[Result "0-1"]
[WhiteElo "1427"]
[BlackElo "1932"]
[PlyCount "70"]
[EventDate "2019.04.19"]
[EventRounds "7"]
[EventCountry "ENG"]

1. e4 g6 2. Nc3 Bg7 3. Nf3 d6 4. Bc4 Nf6 5. d3 O-O 6. Bg5 h6 7. Bd2 Nc6 8. a3
Bg4 9. h3 Bxf3 10. gxf3 a6 11. Ne2 Ne5 12. Ng3 Nxc4 13. dxc4 b5 14. Qe2 bxc4
15. Qxc4 Nd7 16. Bc3 e5 17. O-O-O Nc5 18. Ne2 Ne6 19. f4 exf4 20. Bxg7 Kxg7 21.
e5 f3 22. Nf4 Qg5 23. exd6 Nxf4 24. Qc3+ Qf6 25. Qxf3 cxd6 26. Rd2 Rab8 27. c3
Rfe8 28. Qc6 Rec8 29. Qxd6 Rxc3+ 30. bxc3 Qxc3+ 31. Rc2 Nd3+ 32. Kd1 Rb1+ 33.
Rc1 Rxc1+ 34. Ke2 Rxh1 35. Qxa6 Nf4#  0-1

[Event "1st 4NCL Easter Congress"]
[Site "Stevenage"]
[Date "2019.04.21"]
[Round "4"]
[Board "13"]
[White "Flynn, David"]
[Black "Hammond, Benjamin"]
[Result "1/2-1/2"]
[WhiteElo "1871"]
[BlackElo "1551"]
[PlyCount "80"]
[EventDate "2019.04.19"]
[EventRounds "7"]
[EventCountry "ENG"]

1. e4 e5 2. Nf3 Nc6 3. Bb5 a6 4. Ba4 Nf6 5. O-O b5 6. Bb3 Bc5 7. d3 d6 8. Nc3
Na5 9. Be3 Nxb3 10. axb3 Bxe3 11. fxe3 Bb7 12. Qe1 O-O 13. Nh4 d5 14. exd5 Nxd5
15. Qg3 Nxe3 16. Qxe3 Qxh4 17. Qxe5 Qg4 18. Rf2 Rac8 19. Re1 f6 20. Qe6+ Qxe6
21. Rxe6 Kf7 22. Ree2 Rfe8 23. g3 Rxe2 24. Rxe2 Re8 25. Kf2 Rxe2+ 26. Nxe2 Ke6
27. Nd4+ Ke5 28. Ke3 c5 29. Ne2 g5 30. d4+ cxd4+ 31. Nxd4 f5 32. Nf3+ Bxf3 33.
Kxf3 Kd4 34. h4 h6 35. hxg5 hxg5 36. Ke2 b4 37. Kf2 a5 38. Kf3 Kd5 39. Ke3 Kc5
40. Kd3 Kd5  1/2-1/2

[Event "1st 4NCL Easter Congress"]
[Site "Stevenage"]
[Date "2019.04.21"]
[Round "4"]
[Board "14"]
[White "Neatherway, A Philip"]
[Black "Volovich, Julia"]
[Result "1-0"]
[WhiteElo "1793"]
[BlackElo "1753"]
[PlyCount "63"]
[EventDate "2019.04.19"]
[EventRounds "7"]
[EventCountry "ENG"]

1. e4 e6 2. d3 d5 3. Nd2 c5 4. g3 Bd6 5. Bg2 Ne7 6. Ngf3 Nbc6 7. O-O O-O 8. Re1
b5 9. Nf1 Bb7 10. h4 a5 11. c3 Qb6 12. N1h2 Rfd8 13. e5 Bb8 14. Bg5 Rd7 15. Qd2
d4 16. Ng4 dxc3 17. bxc3 Qd8 18. Rad1 b4 19. Bf6 Qf8 20. Bxg7 Qxg7 21. Nf6+ Kh8
22. Nxd7 Ba7 23. Qf4 Nd5 24. Qg5 Nxc3 25. Rd2 Rd8 26. Nf6 Qxg5 27. Nxg5 Kg7 28.
Ngxh7 c4 29. Ng5 cxd3 30. Nh5+ Kg8 31. Nf4 Bxf2+ 32. Kxf2  1-0

[Event "1st 4NCL Easter Congress"]
[Site "Stevenage"]
[Date "2019.04.21"]
[Round "4"]
[Board "15"]
[White "Cox, David A"]
[Black "Burgoyne, Peter A"]
[Result "1-0"]
[WhiteElo "1967"]
[BlackElo "1633"]
[PlyCount "75"]
[EventDate "2019.04.19"]
[EventRounds "7"]
[EventCountry "ENG"]

1. e4 c5 2. Nf3 d6 3. Bb5+ Nd7 4. c3 a6 5. Ba4 b5 6. Bc2 Bb7 7. O-O g6 8. d4
Bg7 9. Re1 Ngf6 10. e5 dxe5 11. dxe5 Bxf3 12. Qxf3 Ng8 13. e6 fxe6 14. Qc6 Ngf6
15. Qxe6 Rb8 16. Bf4 Rb6 17. Bd6 Bf8 18. f4 Nb8 19. Qxf6 Rg8 20. Qe6 Rg7 21.
Qe3 Qxd6 22. Nd2 Nd7 23. Ne4 Qc7 24. Rad1 Rf7 25. Ng5 Rff6 26. Nxh7 Rfe6 27.
Qxe6 Rxe6 28. Rxe6 Qxf4 29. Bxg6+ Kd8 30. Nxf8 Qxf8 31. Rxa6 Kc8 32. Be4 Qf4
33. Rc6+ Kb8 34. Bf3 Ne5 35. Rd8+ Ka7 36. Rc7+ Ka6 37. Ra8+ Kb6 38. Rb7#  1-0

[Event "1st 4NCL Easter Congress"]
[Site "Stevenage"]
[Date "2019.04.21"]
[Round "4"]
[Board "16"]
[White "Sheikh, Anum"]
[Black "Nwachukwu, Chino"]
[Result "1/2-1/2"]
[WhiteElo "1651"]
[BlackElo "1899"]
[PlyCount "57"]
[EventDate "2019.04.19"]
[EventRounds "7"]
[EventCountry "ENG"]

1. e4 c5 2. Nf3 e6 3. d4 cxd4 4. Nxd4 Nf6 5. Nc3 a6 6. Be2 d6 7. Be3 Be7 8. O-O
O-O 9. f4 Qc7 10. Bf3 Nc6 11. a4 Bd7 12. Nb3 b6 13. Qe1 Nb4 14. Qf2 Rab8 15. g4
Bc6 16. g5 Nd7 17. Qg2 Rfd8 18. h4 Nf8 19. f5 exf5 20. exf5 Bxf3 21. Rxf3 Nd7
22. g6 fxg6 23. fxg6 hxg6 24. Qxg6 Bf6 25. Qe4 a5 26. Qe6+ Kh7 27. Rf5 Ne5 28.
Rh5+ Kg6 29. Rg5+  1/2-1/2

[Event "1st 4NCL Easter Congress"]
[Site "Stevenage"]
[Date "2019.04.21"]
[Round "4"]
[Board "17"]
[White "Cawston, M John"]
[Black "Chiang, Richard"]
[Result "1-0"]
[WhiteElo "1837"]
[BlackElo "1569"]
[PlyCount "101"]
[EventDate "2019.04.19"]
[EventRounds "7"]
[EventCountry "ENG"]

1. Nf3 Nf6 2. c4 c5 3. g3 Nc6 4. Bg2 g6 5. Nc3 Bg7 6. d4 cxd4 7. Nxd4 O-O 8.
O-O Rb8 9. h3 a6 10. c5 Nxd4 11. Qxd4 Re8 12. e4 h6 13. Qd3 b6 14. cxb6 Qxb6
15. b3 d6 16. Be3 Qa5 17. Rac1 Bb7 18. Rc2 Nd7 19. Qd2 Rec8 20. Rfc1 Kh7 21.
Kh2 Qb4 22. Nd5 Qxd2 23. Bxd2 e6 24. Rxc8 Rxc8 25. Rxc8 Bxc8 26. Nc7 Bd4 27. f3
Bb6 28. Ne8 Nc5 29. Nxd6 Bd7 30. Nxf7 g5 31. Ne5 Bb5 32. Nc4 Bc7 33. Bf1 Kg6
34. Kg2 Kf6 35. Bc3+ Kf7 36. Ne5+ Bxe5 37. Bxe5 Nd3 38. Bc3 Nc1 39. Bxb5 axb5
40. a4 bxa4 41. bxa4 Nb3 42. a5 Nc5 43. Bd4 Na6 44. Be5 Kg6 45. Bd6 Kf6 46. e5+
Kf5 47. Kf2 h5 48. Ke3 g4 49. hxg4+ hxg4 50. fxg4+ Kxg4 51. Kd3  1-0

[Event "1st 4NCL Easter Congress"]
[Site "Stevenage"]
[Date "2019.04.21"]
[Round "4"]
[Board "18"]
[White "Jacob, Sydney J"]
[Black "Sandhu, Manvith"]
[Result "0-1"]
[WhiteElo "1820"]
[BlackElo "1564"]
[PlyCount "174"]
[EventDate "2019.04.19"]
[EventRounds "7"]
[EventCountry "ENG"]

1. e4 Nc6 2. Nf3 d6 3. Bc4 Nf6 4. Nc3 Bg4 5. h3 Bh5 6. g4 Bg6 7. d3 e6 8. Be3
a6 9. Qd2 d5 10. e5 Ng8 11. Bg5 f6 12. exf6 gxf6 13. Bb3 fxg5 14. Qxg5 Qxg5 15.
Nxg5 Kd7 16. O-O h6 17. Nf3 Bd6 18. Rfe1 Re8 19. a3 Nge7 20. Ne2 Rhf8 21. Nh4
Bc5 22. Rf1 Bh7 23. Rad1 Ng6 24. Nxg6 Bxg6 25. c4 Kd6 26. Ba4 Rf3 27. b4 Ba7
28. c5+ Kd7 29. Nd4 Rxd3 30. Rxd3 Bxd3 31. Rd1 Bb5 32. Nxb5 axb5 33. Bxb5 Rf8
34. Kg2 b6 35. cxb6 cxb6 36. Rc1 Rc8 37. f4 Kd6 38. g5 hxg5 39. fxg5 Ne7 40.
Rxc8 Nxc8 41. h4 Ke7 42. h5 Kf7 43. Bd3 Nd6 44. Kf3 Bb8 45. a4 e5 46. Bg6+ Kg7
47. a5 e4+ 48. Kf4 Nc4+ 49. Kf5 Kg8 50. h6 bxa5 51. bxa5 Nxa5 52. Ke6 Bf4 53.
Kxd5 e3 54. h7+ Kg7 55. Bd3 Bxg5 56. Ke4 Kxh7 57. Kf3+ Kg7 58. Ba6 Kf6 59. Ke4
Nb3 60. Be2 Nc1 61. Ba6 e2 62. Bxe2 Nxe2 63. Kf3 Nd4+ 64. Kg2 Kf5 65. Kh1 Kf4
66. Kh2 Kf3 67. Kh1 Ne2 68. Kh2 Ng3 69. Kg1 Be3+ 70. Kh2 Bf2 71. Kh3 Bg1 72.
Kh4 Ne4 73. Kh3 Ng5+ 74. Kh4 Kf4 75. Kh5 Kf5 76. Kh4 Bf2+ 77. Kh5 Be1 78. Kh6
Ne6 79. Kh5 Ng7+ 80. Kh6 Kf6 81. Kh7 Kf7 82. Kh6 Bd2+ 83. Kh7 Nf5 84. Kh8 Kg6
85. Kg8 Bb4 86. Kh8 Bc5 87. Kg8 Nh6+  0-1

[Event "1st 4NCL Easter Congress"]
[Site "Stevenage"]
[Date "2019.04.21"]
[Round "4"]
[Board "19"]
[White "Procter, Colin S"]
[Black "Valjee, Ashir V"]
[Result "0-1"]
[WhiteElo "1776"]
[BlackElo "1462"]
[PlyCount "65"]
[EventDate "2019.04.19"]
[EventRounds "7"]
[EventCountry "ENG"]

1. c4 Nf6 2. g3 g6 3. Bg2 Bg7 4. Nc3 O-O 5. d3 d6 6. e4 Nc6 7. Nge2 e5 8. O-O
Be6 9. f4 Qd7 10. Nd5 Bg4 11. Nxf6+ Bxf6 12. f5 Nd4 13. Rf2 Nxe2+ 14. Rxe2 gxf5
15. Bh6 Bg7 16. Bxg7 Kxg7 17. Qd2 Bxe2 18. Qxe2 fxe4 19. Qh5 Qe6 20. Bxe4 Qh6
21. Qf5 Kh8 22. Rf1 Rg8 23. Qd7 Rgd8 24. Qe7 Rf8 25. Qxc7 Rac8 26. Qd7 Rcd8 27.
Qe7 Qe6 28. Qh4 f5 29. Rxf5 h6 30. Rh5 Kg7 31. Bd5 Qf6 32. Bg2 Qf2+ 33. Kh1  0-1

[Event "1st 4NCL Easter Congress"]
[Site "Stevenage"]
[Date "2019.04.21"]
[Round "4"]
[Board "20"]
[White "Turner, Sam"]
[Black "Hughes, Peter"]
[Result "0-1"]
[WhiteElo "1645"]
[BlackElo "1820"]
[PlyCount "74"]
[EventDate "2019.04.19"]
[EventRounds "7"]
[EventCountry "ENG"]

1. d4 d6 2. c4 c6 3. Nf3 Nd7 4. e4 h6 5. Nc3 g5 6. h3 Bg7 7. Be2 Nf8 8. Be3 Ng6
9. Qd2 Nf6 10. O-O-O Qc7 11. e5 Nh7 12. Bd3 Nhf8 13. exd6 Qxd6 14. Ne4 Qc7 15.
Ng3 Rg8 16. Kb1 Bd7 17. Nf5 Bxf5 18. Bxf5 e6 19. Bc2 Ne7 20. h4 f6 21. Rc1
O-O-O 22. Qb4 b6 23. Qa4 Kb8 24. b4 Qb7 25. Qb3 g4 26. Bf4+ Ka8 27. Nd2 h5 28.
Be3 f5 29. Rhd1 Nfg6 30. b5 f4 31. bxc6 Qxc6 32. Be4 Nd5 33. Bxg6 fxe3 34. fxe3
Nf6 35. Bd3 Qxg2 36. Qb2 Qg3 37. c5 Qxe3  0-1

[Event "1st 4NCL Easter Congress"]
[Site "Stevenage"]
[Date "2019.04.21"]
[Round "4"]
[Board "21"]
[White "Shenbagakumar, Gautham"]
[Black "Mellor, Jessica"]
[Result "1-0"]
[WhiteElo "1507"]
[BlackElo "1680"]
[PlyCount "47"]
[EventDate "2019.04.19"]
[EventRounds "7"]
[EventCountry "ENG"]

1. e4 e5 2. Nf3 Nc6 3. Bc4 Nf6 4. Ng5 d5 5. exd5 Na5 6. Bb5+ c6 7. dxc6 bxc6 8.
Qf3 Be7 9. Bd3 Bg4 10. Qg3 O-O 11. O-O h5 12. h3 Bc8 13. Nc3 Bd6 14. Nce4 Nxe4
15. Nxe4 Bc7 16. b4 Nb7 17. Bb2 Qe7 18. a3 Nd6 19. Rae1 f6 20. Nxd6 Bxd6 21.
Qg6 f5 22. Bc4+ Rf7 23. Bxf7+ Qxf7 24. Qxd6  1-0

[Event "1st 4NCL Easter Congress"]
[Site "Stevenage"]
[Date "2019.04.21"]
[Round "5"]
[Board "1"]
[White "Gray, Edward"]
[Black "Nelson, Omowale A"]
[Result "1/2-1/2"]
[WhiteElo "1704"]
[BlackElo "1953"]
[PlyCount "0"]
[EventDate "2019.04.19"]
[EventRounds "7"]
[EventCountry "ENG"]

1. e4 {[%clk 01:30:52]} c6 {[%clk 01:30:51]} 2. d4 {[%clk 01:31:14]} d5 {[%clk
01:31:11]} 3. Nc3 {[%clk 01:31:27]} dxe4 {[%clk 01:31:29]} 4. Nxe4 {[%clk
01:31:40]} Bf5 {[%clk 01:31:52]} 5. Ng3 {[%clk 01:32:00]} Bg6 {[%clk 01:32:15]}
6. Nf3 {[%clk 01:32:23]} Nd7 {[%clk 01:32:09]} 7. Bd3 {[%clk 01:32:37]} Bxd3
{[%clk 01:32:23]} 8. Qxd3 {[%clk 01:32:59]} e6 {[%clk 01:32:30]} 9. O-O {[%clk
01:33:05]} Ngf6 {[%clk 01:32:55]} 10. c3 {[%clk 01:32:04]} Bd6 {[%clk
01:31:04]} 11. Ne4 {[%clk 01:28:44]} Nxe4 {[%clk 01:26:26]} 12. Qxe4 {[%clk
01:29:09]} Nf6 {[%clk 01:25:14]} 13. Qc2 {[%clk 01:28:51]} Qc7 {[%clk
01:23:53]} 14. h3 {[%clk 01:26:30]} O-O-O {[%clk 01:17:33]} 15. c4 {[%clk
01:23:46]} h6 {[%clk 01:12:31]} 16. c5 {[%clk 01:22:03]} Bf4 {[%clk 01:11:50]}
17. Qa4 {[%clk 01:20:42]} a6 {[%clk 01:01:16]} 18. g3 {[%clk 01:11:06]} Bxg3
{[%clk 00:48:54]} 19. fxg3 {[%clk 01:11:30]} Qxg3+ {[%clk 00:49:15]} 20. Kh1
{[%clk 01:11:58]} Qxh3+ {[%clk 00:47:35]} 21. Kg1 {[%clk 01:10:08]} Qg3+ {[%clk
00:44:35]} 22. Kh1 {[%clk 01:10:32]} Ng4 {[%clk 00:38:33]} 23. Qc2 {[%clk
01:10:02]} Rd5 {[%clk 00:35:09]} 24. Qg2 {[%clk 01:09:11]} Qxg2+ {[%clk
00:27:36]} {[%emt 00:07:23]} 25. Kxg2 {[%clk 01:09:34]} {[%emt 00:00:06]} f6
{[%clk 00:28:01]} {[%emt 00:00:05]} 26. Kg3 {[%clk 01:07:47]} {[%emt 00:02:16]}
h5 {[%clk 00:28:04]} {[%emt 00:00:28]} 27. Re1 {[%clk 01:06:46]} {[%emt
00:01:29]} Kd7 {[%clk 00:28:06]} {[%emt 00:00:31]} 28. Bf4 {[%clk 01:05:45]}
{[%emt 00:01:27]} g5 {[%clk 00:27:06]} {[%emt 00:01:33]} 29. Bd2 {[%clk
01:05:13]} {[%emt 00:01:00]} Nh6 {[%clk 00:26:49]} {[%emt 00:00:49]} 30. Re4
{[%clk 01:04:54]} {[%emt 00:00:46]} Nf5+ {[%clk 00:26:53]} {[%emt 00:00:29]} 31.
Kg2 {[%clk 01:04:55]} {[%emt 00:00:28]} g4 {[%clk 00:25:59]} {[%emt 00:01:24]}
32. Nh2 {[%clk 01:05:07]} {[%emt 00:00:19]} Nxd4 {[%clk 00:15:42]} {[%emt
00:10:46]} 33. Bc3 {[%clk 01:04:46]} {[%emt 00:00:52]} e5 {[%clk 00:15:03]}
{[%emt 00:01:08]} 34. Bxd4 {[%clk 01:05:08]} {[%emt 00:00:09]} exd4 {[%clk
00:14:20]} {[%emt 00:01:13]} 35. Rd1 {[%clk 01:04:20]} {[%emt 00:01:18]} Rxc5
{[%clk 00:11:50]} {[%emt 00:03:00]} 36. Rdxd4+ {[%clk 01:03:36]} {[%emt
00:01:15]} Rd5 {[%clk 00:11:46]} {[%emt 00:00:34]} 37. Rxd5+ {[%clk 01:01:41]}
{[%emt 00:02:25]} cxd5 {[%clk 00:12:15]} {[%emt 00:00:01]} 38. Re2 {[%clk
01:02:03]} {[%emt 00:00:08]} Kd6 {[%clk 00:08:49]} {[%emt 00:03:55]} 39. Kg3
{[%clk 01:02:21]} {[%emt 00:00:13]} d4 {[%clk 00:08:59]} {[%emt 00:00:20]} 40.
Kf4 {[%clk 01:02:39]} {[%emt 00:00:11]} Kd5 {[%clk 00:08:53]} {[%emt 00:00:37]}
41. Nf1 {[%clk 01:02:41]} {[%emt 00:00:27]} Rg8 {[%clk 00:08:10]} {[%emt
00:01:13]} 42. Ng3 {[%clk 01:02:09]} {[%emt 00:01:02]} h4 {[%clk 00:07:32]}
{[%emt 00:01:09]} 43. Nf5 {[%clk 01:02:27]} {[%emt 00:00:12]} Kc4 {[%clk
00:06:31]} {[%emt 00:01:30]} 44. Nxh4 {[%clk 01:01:00]} {[%emt 00:01:57]} d3
{[%clk 00:03:57]} {[%emt 00:03:04]} 45. Rd2 {[%clk 00:56:33]} {[%emt 00:04:57]}
Re8 {[%clk 00:03:35]} {[%emt 00:00:52]} 46. Nf5 {[%clk 00:56:33]} {[%emt
00:00:31]} Re2 {[%clk 00:03:32]} {[%emt 00:00:34]} 47. Ne3+ {[%clk 00:56:34]}
{[%emt 00:00:28]} Kd4 {[%clk 00:03:19]} {[%emt 00:00:44]} 48. Nf5+ {[%clk
00:56:57]} {[%emt 00:00:06]} Kc4 {[%clk 00:03:17]} {[%emt 00:00:31]} 49. Ne3+
{[%clk 00:57:21]} {[%emt 00:00:06]} Kd4 {[%clk 00:03:16]} {[%emt 00:00:32]} 50.
Nf5+ {[%clk 00:57:32]} {[%emt 00:00:19]} Kc5 {[%clk 00:03:45]} 51. Rxd3 {[%clk
00:56:58]} {[%emt 00:01:05]} Rxb2 {[%clk 00:04:14]} {[%emt 00:00:01]} 52. Kxg4
{[%clk 00:56:38]} {[%emt 00:00:50]} Rxa2 {[%clk 00:04:40]} {[%emt 00:00:04]} 53.
Kf4 {[%clk 00:55:05]} {[%emt 00:02:02]} b5 {[%clk 00:04:58]} {[%emt 00:00:12]}
54. Ke4 {[%clk 00:55:11]} {[%emt 00:00:25]} Ra4+ {[%clk 00:04:29]} {[%emt
00:01:00]} 55. Ke3 {[%clk 00:55:02]} {[%emt 00:00:39]} Rc4 {[%clk 00:04:22]}
{[%emt 00:00:32]} 56. Nd6 {[%clk 00:55:00]} {[%emt 00:00:32]} Rc2 {[%clk
00:04:26]} {[%emt 00:00:28]} 57. Ne4+ {[%clk 00:54:56]} {[%emt 00:00:35]} Kb4
{[%clk 00:04:49]} {[%emt 00:00:08]} 58. Nxf6 {[%clk 00:55:16]} {[%emt
00:00:10]} a5 {[%clk 00:04:50]} {[%emt 00:00:29]} 59. Nd5+ {[%clk 00:54:43]}
{[%emt 00:01:03]} Kc4 {[%clk 00:04:28]} {[%emt 00:00:46]} 60. Nb6+ {[%clk
00:54:51]} {[%emt 00:00:28]} Kc5 {[%clk 00:04:26]} {[%emt 00:00:28]} 61. Nd7+
{[%clk 00:55:14]} {[%emt 00:00:11]} Kb4 {[%clk 00:04:44]} {[%emt 00:00:12]} 62.
Nb6 {[%clk 00:54:01]} {[%emt 00:01:43]} a4 {[%clk 00:04:53]} {[%emt 00:00:20]}
63. Rd4+ {[%clk 00:52:05]} {[%emt 00:02:27]} Kb3 {[%clk 00:04:32]} {[%emt
00:00:47]} 64. Nd5 {[%clk 00:51:13]} {[%emt 00:01:24]} Rc4 {[%clk 00:03:15]}
{[%emt 00:01:46]} 65. Rd3+ {[%clk 00:51:00]} {[%emt 00:00:46]} Kb2 {[%clk
00:03:22]} {[%emt 00:00:22]} 66. Rd2+ {[%clk 00:44:58]} {[%emt 00:06:32]} Kb1
{[%clk 00:03:28]} {[%emt 00:00:23]} 67. Rd1+ {[%clk 00:44:54]} {[%emt
00:00:35]} Kb2 {[%clk 00:03:41]} {[%emt 00:00:16]} 68. Rd2+ {[%clk 00:45:21]}
{[%emt 00:00:06]} Kc1 {[%clk 00:03:39]} {[%emt 00:00:29]} 69. Kd3 {[%clk
00:39:52]} {[%emt 00:06:00]} Rc8 {[%clk 00:02:23]} {[%emt 00:01:47]} 70. Rh2
{[%clk 00:38:51]} {[%emt 00:01:31]} Rd8 {[%clk 00:01:43]} {[%emt 00:01:10]} 71.
Kd4 {[%clk 00:38:33]} {[%emt 00:00:48]} b4 {[%clk 00:01:33]} {[%emt 00:00:40]}
72. Kc4 {[%clk 00:38:10]} {[%emt 00:00:53]} b3 {[%clk 00:01:50]} {[%emt
00:00:12]} 73. Nb6 {[%clk 00:36:07]} {[%emt 00:02:33]} Rd2 {[%clk 00:01:15]}
{[%emt 00:01:05]} 74. Rxd2 {[%clk 00:36:19]} {[%emt 00:00:19]}  1/2-1/2

[Event "1st 4NCL Easter Congress"]
[Site "Stevenage"]
[Date "2019.04.21"]
[Round "5"]
[Board "2"]
[White "Karumazondo, Ragarirai Ernest"]
[Black "Merriman, James"]
[Result "1-0"]
[WhiteElo "1896"]
[BlackElo "1760"]
[PlyCount "0"]
[EventDate "2019.04.19"]
[EventRounds "7"]
[EventCountry "ENG"]

1. e4 {[%clk 01:28:37]} {[%emt 00:02:22]} e6 {[%clk 01:30:36]} {[%emt
00:00:25]} 2. d4 {[%clk 01:29:00]} {[%emt 00:00:07]} d5 {[%clk 01:30:57]}
{[%emt 00:00:09]} 3. e5 {[%clk 01:29:09]} {[%emt 00:00:22]} c5 {[%clk
01:31:21]} {[%emt 00:00:05]} 4. c3 {[%clk 01:29:37]} {[%emt 00:00:01]} Qb6
{[%clk 01:31:46]} {[%emt 00:00:05]} 5. Nf3 {[%clk 01:29:53]} {[%emt 00:00:14]}
Nc6 {[%clk 01:32:06]} {[%emt 00:00:10]} 6. a3 {[%clk 01:30:06]} {[%emt
00:00:18]} f6 {[%clk 01:32:20]} {[%emt 00:00:16]} 7. Bd3 {[%clk 01:28:22]}
{[%emt 00:02:14]} Bd7 {[%clk 01:32:41]} {[%emt 00:00:09]} 8. Bc2 {[%clk
01:28:00]} {[%emt 00:00:52]} Be7 {[%clk 01:24:27]} {[%emt 00:08:43]} 9. O-O
{[%clk 01:25:22]} {[%emt 00:03:08]} Nh6 {[%clk 01:20:33]} {[%emt 00:04:24]} 10.
Bxh6 {[%clk 01:19:50]} {[%emt 00:06:01]} gxh6 {[%clk 01:20:49]} {[%emt
00:00:14]} 11. exf6 {[%clk 01:19:52]} {[%emt 00:00:29]} Bxf6 {[%clk 01:20:42]}
{[%emt 00:00:36]} 12. Ne5 {[%clk 01:19:51]} {[%emt 00:00:32]} O-O-O {[%clk
01:19:31]} {[%emt 00:01:41]} 13. Nf7 {[%clk 01:16:21]} {[%emt 00:04:00]} Qxb2
{[%clk 01:18:30]} {[%emt 00:01:31]} 14. Nd2 {[%clk 01:16:23]} {[%emt 00:00:28]}
Qxc3 {[%clk 01:18:17]} {[%emt 00:00:43]} 15. Rb1 {[%clk 01:13:16]} {[%emt
00:03:37]} Rhg8 {[%clk 01:09:01]} {[%emt 00:09:42]} 16. Nd6+ {[%clk 01:07:26]}
{[%emt 00:06:23]} Kb8 {[%clk 01:07:19]} {[%emt 00:02:12]} 17. Nxb7 {[%clk
01:05:46]} {[%emt 00:02:11]} Ka8 {[%clk 00:53:38]} {[%emt 00:14:11]} 18. Nxd8
{[%clk 01:04:00]} {[%emt 00:02:16]} Bxd8 {[%clk 00:53:33]} {[%emt 00:00:35]} 19.
dxc5 {[%clk 01:02:29]} {[%emt 00:02:00]} Nd4 {[%clk 00:50:32]} {[%emt
00:03:31]} 20. Ba4 {[%clk 00:56:22]} {[%emt 00:06:39]} Qh3 {[%clk 00:49:04]}
{[%emt 00:01:56]} 21. g3 {[%clk 00:55:35]} {[%emt 00:01:17]} Rg5 {[%clk
00:47:02]} {[%emt 00:02:32]} 22. Nf3 {[%clk 00:51:13]} {[%emt 00:04:52]} Nxf3+
{[%clk 00:43:37]} {[%emt 00:03:56]} 23. Qxf3 {[%clk 00:51:12]} {[%emt
00:00:30]} Rh5 {[%clk 00:41:31]} {[%emt 00:02:36]} 24. Qxh5 {[%clk 00:47:49]}
{[%emt 00:03:53]} Qxh5 {[%clk 00:41:54]} {[%emt 00:00:07]} 25. Bxd7 {[%clk
00:48:16]} {[%emt 00:00:04]} a5 {[%clk 00:42:16]} {[%emt 00:00:08]} 26. Bc6+
{[%clk 00:48:26]} {[%emt 00:00:20]} Ka7 {[%clk 00:42:31]} {[%emt 00:00:14]} 27.
Rb7+ {[%clk 00:48:41]} {[%emt 00:00:15]} Ka6 {[%clk 00:42:49]} {[%emt
00:00:12]} 28. Rfb1 {[%clk 00:48:44]} {[%emt 00:00:26]} Qg5 {[%clk 00:42:51]}
{[%emt 00:00:30]} 29. Rb8 {[%clk 00:48:53]}  1-0